=LDR 00000nam 2200000 4500 =001 INLIS000000000810273 =005 20251127095759 =035 ##$$a 0010-1125000127 =007 ta =008 251127###########################0###### =020 ##$$a 9782745128416 =082 ##$$a 297.125 =084 ##$$a 297.125 MUS s =245 ##$$a Shahih Muslim /$c Al-Imam Muslim bin Al-Hajjaj Al-Qushayri An-Naisaburi =260 ##$$a Beirut : :$b Dar Al-Kutub Al-Ilmiyah,$c 2016 M / 1437 H =300 ##$$a 1200 hlm ; $c 17 X 24 CM =520 ##$$a Kumpulan hadis-hadis sahih yang disusun oleh Imam Muslim